AH International Schools' Libraries

Slimy Stuarts / (Record no. 48271)

MARC details
000 -LEADER
fixed length control field 00611cam a2200181 i 4500
001 - CONTROL NUMBER
control field 18997916
020 ## - INTERNATIONAL STANDARD BOOK NUMBER
International Standard Book Number 9781407104294 (pbk.)
020 ## - INTERNATIONAL STANDARD BOOK NUMBER
International Standard Book Number 1407104292 (pbk.)
100 1# - MAIN ENTRY--PERSONAL NAME
Personal name Deary, Terry,
Relator term author.
9 (RLIN) 35843
245 10 - TITLE STATEMENT
Title Slimy Stuarts /
Statement of responsibility, etc Terry Deary.
260 ## - PUBLICATION, DISTRIBUTION, ETC. (IMPRINT)
Place of publication, distribution, etc London:
Name of publisher, distributor, etc Scholastic;
Date of publication, distribution, etc 2007.
300 ## - PHYSICAL DESCRIPTION
Extent 140 pages :
Other physical details illustrations ;
Dimensions 20 cm.
490 1# - SERIES STATEMENT
Series statement Horrible histories;
500 ## - GENERAL NOTE
General note Includes index.
650 #7 - SUBJECT ADDED ENTRY--TOPICAL TERM
Topical term or geographic name as entry element Manners and customs. Social life and customs. Great Britain. Stuarts, 1603-1714.
General subdivision 17th century.
9 (RLIN) 85993
700 1# - ADDED ENTRY--PERSONAL NAME
Personal name Brown, Martin,
Dates associated with a name 1959-
Relator term illustrator.
9 (RLIN) 35847
942 ## - ADDED ENTRY ELEMENTS (KOHA)
Source of classification or shelving scheme
Koha item type NON FIC SECTION
Holdings
Withdrawn status Lost status Source of classification or shelving scheme Damaged status Not for loan Collection code Home library Current library Date acquired Total Checkouts Full call number Barcode Date last seen Date checked out Price effective from Koha item type
          Non-Fiction Asian Hope Secondary Library Asian Hope Secondary Library 01/29/2025 2 941.06 DEA 207417 04/30/2026 04/23/2026 01/29/2025 NON FIC SECTION

For any Logos Library related questions please contact Miss Art at swongnarasuk@asianhope.org.

For any Asian Hope Library related questions please contact Miss Raza at graza@asianhope.org.

Powered by Koha